| 000 | 01035nam a2200229Ia 4500 | ||
|---|---|---|---|
| 001 | 9985 | ||
| 003 | GE_BSU | ||
| 008 | 181216s||||||||xx |||||||||||||| ||und|| | ||
| 040 | _cGE_BSU | ||
| 080 | _a821.353.1–13 | ||
| 100 | _aრუსთაველი,შოთა | ||
| 245 | _aვეფხისტყაოსანი | ||
| 245 | _bპოემა | ||
| 245 | _cსარედ.როლ.ირაკლი აბაშიძე და სხვ.ფერადი მინიატურები ეკუთვნის XVII ს.მხატვ.მამუკა თავაქარაშვილს | ||
| 260 | _aთბილისი | ||
| 260 | _bსაბჭოთა საქართველო | ||
| 260 | _c1966 | ||
| 300 | _a298გვ.ილ.30სმ.14ფ.მინიატურა | ||
| 520 | _aდაიბეჭდა შოთა რუსთაველის დაბადების 800 წლისთავზე | ||
| 653 | _aვეფხისტყაოსანი | ||
| 942 | _cBK | ||
| 999 |
_c43258 _d43258 |
||